Aardrijkskunde Meerkeuze #3 - Statistieken

Algemene statistieken
  • Deze quiz is 277 keer genomen
  • De gemiddelde score is 11 van 15
Antwoordstatistieken
Vraag Antwoord % Correct
Welk van deze landen ligt in Afrika? Soedan
100%
Welk van deze landen heeft een hoofdstad die met dezelfde letter begint als het land? België
97%
Welk van de volgende nationale munten is vandaag nog steeds in gebruik? Zwitsere Frank
97%
Welk van deze Europese hoofdsteden ligt aan de kust? Dublin
93%
Welk van deze landen maakt deel uit van de Europese Unie? Polen
90%
Welk van deze landen ligt aan de Middellandse Zee? Kroatië
86%
Aan welke van deze zeeën ligt Italië Adriatische Zee
83%
Welk van deze bergen maakt deel uit van de Rocky Mountains in Noord-Amerika? Mount Rainier
76%
Door welk van deze landen gaat de evenaar? D. R. Congo
72%
Welk van deze landen is een monarchie, maw heeft een Koning als leider? Jordanië
72%
Welk van deze steden ligt in Schotland? Aberdeen
69%
Welk van deze talen is een officiële taal in Zuid-Afrika? Xhosa
62%
Welk van deze landen ligt in het zogenaamde Indochina? Cambodja
59%
Welk van deze landen was onbewoond tot en met het jaar 750? IJsland
48%
Welk van deze landen kent een ontvolking, maw een bevolkingsafname? Roemenie
41%
Geen overeenkomende quizzen gevonden
Scoreverdeling
Procent van Mensen met Elke Score
Percentiel versus Aantal Correcte Antwoorden
Uw Scoregeschiedenis
U heeft deze quiz nog niet genomen